[Event "ODJM B 2025"]
[Site "Willingen GER"]
[Date "2025.06.14"]
[Round "9"]
[White "Boroshneva, Kassiya"]
[Black "Ebel, Felix"]
[Result "0-1"]
[Termination "normal"]
[Board "62"]
[WhiteElo "1464"]
[BlackElo "1605"]
[WhiteClock "00:42:53"]
[BlackClock "00:42:51"]
[PlyCount "130"]
[WhiteFideId "34177418"]
[BlackFideId "34651446"]
[EventCountry "GER"]
[EventRounds "9"]
[EventType "swiss"]
[EventDate "2025.06.07"]

1. e4 {[%clk 01:30:59]} {[%emt 00:00:01]} e6 {[%clk 01:30:54]} {[%emt
00:00:06]} 2. Nc3 {[%clk 01:31:23]} {[%emt 00:00:05]} d5 {[%clk 01:31:18]}
{[%emt 00:00:07]} 3. exd5 {[%clk 01:31:42]} {[%emt 00:00:11]} exd5 {[%clk
01:31:44]} {[%emt 00:00:03]} 4. d4 {[%clk 01:31:38]} {[%emt 00:00:34]} Bf5
{[%clk 01:31:11]} {[%emt 00:01:03]} 5. Nf3 {[%clk 01:31:28]} {[%emt 00:00:40]}
Nf6 {[%clk 01:31:05]} {[%emt 00:00:36]} 6. Bg5 {[%clk 01:31:16]} {[%emt
00:00:42]} c6 {[%clk 01:31:30]} {[%emt 00:00:06]} 7. Bd3 {[%clk 01:30:09]}
{[%emt 00:01:36]} Bxd3 {[%clk 01:31:20]} {[%emt 00:00:39]} 8. Qxd3 {[%clk
01:30:27]} {[%emt 00:00:13]} Nbd7 {[%clk 01:30:59]} {[%emt 00:00:51]} 9. O-O
{[%clk 01:30:31]} {[%emt 00:00:26]} Be7 {[%clk 01:31:07]} {[%emt 00:00:23]} 10.
Rfe1 {[%clk 01:30:35]} {[%emt 00:00:25]} O-O {[%clk 01:31:24]} {[%emt
00:00:13]} 11. h3 {[%clk 01:28:40]} {[%emt 00:02:24]} Bd6 {[%clk 01:30:28]}
{[%emt 00:01:26]} 12. Ne5 {[%clk 01:24:41]} {[%emt 00:04:30]} Qc7 {[%clk
01:29:29]} {[%emt 00:01:29]} 13. Bf4 {[%clk 01:19:13]} {[%emt 00:05:57]} Rfe8
{[%clk 01:28:30]} {[%emt 00:01:30]} 14. Nxd7 {[%clk 01:16:55]} {[%emt
00:02:47]} Qxd7 {[%clk 01:27:58]} {[%emt 00:01:04]} 15. Bxd6 {[%clk 01:17:11]}
{[%emt 00:00:14]} Qxd6 {[%clk 01:28:22]} {[%emt 00:00:06]} 16. a3 {[%clk
01:15:28]} {[%emt 00:02:13]} Qf4 {[%clk 01:25:41]} {[%emt 00:03:10]} 17. Ne2
{[%clk 01:09:58]} {[%emt 00:06:01]} Qe4 {[%clk 01:24:53]} {[%emt 00:01:17]} 18.
Qd2 {[%clk 01:08:23]} {[%emt 00:02:05]} Qe7 {[%clk 01:19:41]} {[%emt 00:05:42]}
19. Ng3 {[%clk 01:07:11]} {[%emt 00:01:42]} Qd7 {[%clk 01:12:47]} {[%emt
00:07:24]} 20. Rxe8+ {[%clk 01:06:01]} {[%emt 00:01:40]} Rxe8 {[%clk 01:13:08]}
{[%emt 00:00:09]} 21. Re1 {[%clk 01:06:11]} {[%emt 00:00:19]} Rxe1+ {[%clk
01:11:42]} {[%emt 00:01:56]} 22. Qxe1 {[%clk 01:06:31]} {[%emt 00:00:10]} g6
{[%clk 01:11:06]} {[%emt 00:01:07]} 23. Qe5 {[%clk 01:05:44]} {[%emt 00:01:17]}
Qd8 {[%clk 01:10:23]} {[%emt 00:01:13]} 24. f3 {[%clk 01:03:08]} {[%emt
00:03:05]} a6 {[%clk 01:05:57]} {[%emt 00:04:56]} 25. Kh1 {[%clk 00:58:28]}
{[%emt 00:05:10]} Kf8 {[%clk 01:04:21]} {[%emt 00:02:07]} 26. Ne2 {[%clk
00:55:34]} {[%emt 00:03:23]} Qe7 {[%clk 01:03:49]} {[%emt 00:01:02]} 27. Qxe7+
{[%clk 00:54:44]} {[%emt 00:01:20]} Kxe7 {[%clk 01:04:13]} {[%emt 00:00:06]}
28. Nf4 {[%clk 00:54:26]} {[%emt 00:00:47]} Ne8 {[%clk 01:03:52]} {[%emt
00:00:51]} 29. b3 {[%clk 00:52:31]} {[%emt 00:02:26]} Nd6 {[%clk 01:04:07]}
{[%emt 00:00:15]} 30. Kg1 {[%clk 00:52:22]} {[%emt 00:00:39]} Nb5 {[%clk
01:04:18]} {[%emt 00:00:19]} 31. Ne2 {[%clk 00:51:24]} {[%emt 00:01:27]} Nxa3
{[%clk 01:04:33]} {[%emt 00:00:16]} 32. c3 {[%clk 00:51:31]} {[%emt 00:00:23]}
Kd6 {[%clk 01:02:47]} {[%emt 00:02:16]} 33. Kf1 {[%clk 00:51:41]} {[%emt
00:00:21]} b6 {[%clk 01:02:37]} {[%emt 00:00:40]} 34. Ke1 {[%clk 00:51:37]}
{[%emt 00:00:34]} c5 {[%clk 01:02:53]} {[%emt 00:00:15]} 35. Kd1 {[%clk
00:51:12]} {[%emt 00:00:54]} c4 {[%clk 01:02:52]} {[%emt 00:00:32]} 36. Kc1
{[%clk 00:48:57]} {[%emt 00:02:45]} cxb3 {[%clk 01:00:15]} {[%emt 00:03:07]}
37. Kb2 {[%clk 00:48:36]} {[%emt 00:00:51]} Nc4+ {[%clk 00:58:30]} {[%emt
00:02:16]} 38. Kxb3 {[%clk 00:48:51]} {[%emt 00:00:14]} a5 {[%clk 00:57:36]}
{[%emt 00:01:24]} 39. Nc1 {[%clk 00:46:24]} {[%emt 00:02:57]} Ne3 {[%clk
00:56:22]} {[%emt 00:01:43]} 40. g3 {[%clk 00:46:19]} {[%emt 00:00:36]} Nf1
{[%clk 00:56:13]} {[%emt 00:00:38]} 41. Ne2 {[%clk 00:44:57]} {[%emt 00:01:53]}
Nd2+ {[%clk 00:56:32]} {[%emt 00:00:10]} 42. Ka4 {[%clk 00:45:21]} {[%emt
00:00:07]} Kc6 {[%clk 00:47:46]} {[%emt 00:09:16]} 43. Ng1 {[%clk 00:44:43]}
{[%emt 00:01:08]} Nc4 {[%clk 00:44:50]} {[%emt 00:03:26]} 44. Ne2 {[%clk
00:43:42]} {[%emt 00:01:31]} b5+ {[%clk 00:45:08]} {[%emt 00:00:12]} 45. Kb3
{[%clk 00:43:59]} {[%emt 00:00:13]} Nd2+ {[%clk 00:45:32]} {[%emt 00:00:06]}
46. Kb2 {[%clk 00:44:05]} {[%emt 00:00:24]} Nxf3 {[%clk 00:45:55]} {[%emt
00:00:07]} 47. Nf4 {[%clk 00:44:00]} {[%emt 00:00:36]} Nd2 {[%clk 00:43:10]}
{[%emt 00:03:15]} 48. Nd3 {[%clk 00:43:22]} {[%emt 00:01:07]} Nc4+ {[%clk
00:42:59]} {[%emt 00:00:42]} 49. Kb3 {[%clk 00:43:21]} {[%emt 00:00:32]} a4+
{[%clk 00:42:03]} {[%emt 00:01:26]} 50. Ka2 {[%clk 00:42:57]} {[%emt 00:00:53]}
f6 {[%clk 00:41:03]} {[%emt 00:01:30]} 51. Nb4+ {[%clk 00:43:05]} {[%emt
00:00:22]} Kd6 {[%clk 00:41:05]} {[%emt 00:00:29]} 52. Kb1 {[%clk 00:43:18]}
{[%emt 00:00:17]} Nd2+ {[%clk 00:40:45]} {[%emt 00:00:50]} 53. Kc2 {[%clk
00:43:38]} {[%emt 00:00:10]} Ne4 {[%clk 00:41:04]} {[%emt 00:00:11]} 54. Kd3
{[%clk 00:42:43]} {[%emt 00:01:25]} Nxg3 {[%clk 00:40:32]} {[%emt 00:01:02]}
55. Ke3 {[%clk 00:42:51]} {[%emt 00:00:22]} f5 {[%clk 00:40:29]} {[%emt
00:00:34]} 56. Kf3 {[%clk 00:42:58]} {[%emt 00:00:22]} Ne4 {[%clk 00:40:46]}
{[%emt 00:00:13]} 57. Na2 {[%clk 00:42:48]} {[%emt 00:00:40]} g5 {[%clk
00:41:02]} {[%emt 00:00:14]} 58. Ke3 {[%clk 00:42:26]} {[%emt 00:00:52]} g4
{[%clk 00:40:52]} {[%emt 00:00:41]} 59. hxg4 {[%clk 00:42:47]} {[%emt
00:00:08]} fxg4 {[%clk 00:41:15]} {[%emt 00:00:06]} 60. Kf4 {[%clk 00:43:07]}
{[%emt 00:00:10]} g3 {[%clk 00:41:33]} {[%emt 00:00:13]} 61. Kf3 {[%clk
00:42:02]} {[%emt 00:01:36]} h5 {[%clk 00:41:48]} {[%emt 00:00:14]} 62. Kg2
{[%clk 00:42:23]} {[%emt 00:00:08]} h4 {[%clk 00:41:51]} {[%emt 00:00:28]} 63.
Kh3 {[%clk 00:42:35]} {[%emt 00:00:17]} a3 {[%clk 00:42:03]} {[%emt 00:00:19]}
64. Kg2 {[%clk 00:42:52]} {[%emt 00:00:13]} Ke6 {[%clk 00:42:26]} {[%emt
00:00:07]} 65. Kh3 {[%clk 00:42:53]} {[%emt 00:00:29]} Kf5 {[%clk 00:42:51]}
{[%emt 00:00:05]} 0-1

[Event "ODJM B 2025"]
[Site "Willingen GER"]
[Date "2025.06.14"]
[Round "9"]
[White "Görlach, Hanna"]
[Black "Huth, Fabienne"]
[Result "1-0"]
[Termination "normal"]
[Board "63"]
[WhiteElo "1511"]
[BlackElo "1402"]
[WhiteClock "00:55:00"]
[BlackClock "00:10:04"]
[PlyCount "91"]
[WhiteFideId "34675604"]
[BlackFideId "34660739"]
[EventCountry "GER"]
[EventRounds "9"]
[EventType "swiss"]
[EventDate "2025.06.07"]

1. c4 {[%clk 01:30:58]} {[%emt 00:00:02]} b6 {[%clk 01:30:45]} {[%emt
00:00:15]} 2. Nf3 {[%clk 01:30:43]} {[%emt 00:00:44]} Bb7 {[%clk 01:30:40]}
{[%emt 00:00:35]} 3. Nc3 {[%clk 01:29:41]} {[%emt 00:01:33]} Nf6 {[%clk
01:30:32]} {[%emt 00:00:38]} 4. g3 {[%clk 01:29:16]} {[%emt 00:00:55]} Bxf3
{[%clk 01:26:11]} {[%emt 00:04:50]} 5. exf3 {[%emt 00:01:42]} c5 {[%clk
01:25:05]} 6. Bg2 {[%clk 01:29:41]} {[%emt 00:00:30]} Nc6 {[%clk 01:23:02]}
{[%emt 00:02:33]} 7. O-O {[%clk 01:26:08]} {[%emt 00:04:03]} e6 {[%clk
01:21:24]} {[%emt 00:02:07]} 8. Re1 {[%clk 01:24:33]} {[%emt 00:02:05]} Be7
{[%clk 01:19:32]} {[%emt 00:02:22]} 9. f4 {[%clk 01:21:05]} {[%emt 00:03:58]}
Rc8 {[%clk 01:18:34]} {[%emt 00:01:28]} 10. d3 {[%clk 01:20:18]} {[%emt
00:01:17]} O-O {[%clk 01:18:30]} {[%emt 00:00:34]} 11. Bd2 {[%clk 01:19:37]}
{[%emt 00:01:12]} Re8 {[%clk 01:16:13]} {[%emt 00:02:47]} 12. a3 {[%clk
01:17:53]} {[%emt 00:02:15]} d5 {[%clk 01:15:00]} {[%emt 00:01:43]} 13. Rb1
{[%clk 01:16:18]} {[%emt 00:02:05]} dxc4 {[%clk 01:10:44]} {[%emt 00:04:45]}
14. dxc4 {[%clk 01:16:40]} {[%emt 00:00:08]} Bf8 {[%clk 01:04:31]} {[%emt
00:06:42]} 15. Qc1 {[%clk 01:11:39]} {[%emt 00:05:31]} e5 {[%clk 01:02:55]}
{[%emt 00:02:07]} 16. b3 {[%clk 01:07:51]} {[%emt 00:04:19]} Bd6 {[%clk
00:56:25]} {[%emt 00:06:58]} 17. Rd1 {[%clk 00:57:35]} {[%emt 00:10:46]} a6
{[%clk 00:53:21]} {[%emt 00:03:35]} 18. fxe5 {[%clk 00:56:42]} {[%emt
00:01:22]} Rxe5 {[%clk 00:49:40]} {[%emt 00:04:10]} 19. Bf4 {[%clk 00:56:35]}
{[%emt 00:00:37]} Re6 {[%clk 00:38:36]} {[%emt 00:11:34]} 20. Bh3 {[%clk
00:56:52]} {[%emt 00:00:14]} Qc7 {[%clk 00:29:36]} {[%emt 00:09:27]} 21. Bxd6
{[%clk 00:56:24]} {[%emt 00:01:01]} Rxd6 {[%clk 00:29:01]} {[%emt 00:01:04]}
22. Rxd6 {[%clk 00:56:37]} {[%emt 00:00:18]} Qxd6 {[%clk 00:26:37]} {[%emt
00:02:54]} 23. Bxc8 {[%clk 00:57:02]} {[%emt 00:00:06]} b5 {[%clk 00:18:50]}
{[%emt 00:08:17]} 24. cxb5 {[%clk 00:54:04]} {[%emt 00:03:28]} axb5 {[%clk
00:18:55]} {[%emt 00:00:25]} 25. Qd1 {[%clk 00:49:35]} {[%emt 00:05:00]} Qb8
{[%clk 00:12:55]} {[%emt 00:06:18]} 26. Bh3 {[%clk 00:49:16]} {[%emt 00:01:00]}
b4 {[%clk 00:10:59]} {[%emt 00:02:27]} 27. axb4 {[%clk 00:49:32]} {[%emt
00:00:15]} Qxb4 {[%clk 00:10:01]} {[%emt 00:01:27]} 28. Nd5 {[%clk 00:49:29]}
{[%emt 00:00:34]} Nxd5 {[%clk 00:09:15]} {[%emt 00:01:15]} 29. Qxd5 {[%clk
00:49:54]} {[%emt 00:00:05]} Qb6 {[%clk 00:08:58]} {[%emt 00:00:46]} 30. Bg2
{[%clk 00:50:14]} {[%emt 00:00:10]} g6 {[%clk 00:07:46]} {[%emt 00:01:42]} 31.
Qxc6 {[%clk 00:50:37]} {[%emt 00:00:08]} Qxc6 {[%clk 00:08:14]} {[%emt
00:00:02]} 32. Bxc6 {[%clk 00:50:59]} {[%emt 00:00:08]} Kg7 {[%clk 00:08:36]}
{[%emt 00:00:08]} 33. Rc1 {[%clk 00:51:25]} {[%emt 00:00:05]} h5 {[%clk
00:08:18]} {[%emt 00:00:48]} 34. Rxc5 {[%clk 00:51:49]} {[%emt 00:00:06]} Kh6
{[%clk 00:08:41]} {[%emt 00:00:07]} 35. f4 {[%clk 00:52:03]} {[%emt 00:00:17]}
Kg7 {[%clk 00:07:52]} {[%emt 00:01:18]} 36. b4 {[%clk 00:52:20]} {[%emt
00:00:14]} f6 {[%clk 00:07:47]} {[%emt 00:00:35]} 37. b5 {[%clk 00:52:43]}
{[%emt 00:00:08]} Kh6 {[%clk 00:08:02]} {[%emt 00:00:14]} 38. b6 {[%clk
00:53:07]} {[%emt 00:00:06]} g5 {[%clk 00:08:26]} {[%emt 00:00:06]} 39. fxg5+
{[%clk 00:52:59]} {[%emt 00:00:39]} fxg5 {[%clk 00:08:46]} {[%emt 00:00:10]}
40. Be4 {[%clk 00:53:13]} {[%emt 00:00:16]} h4 {[%clk 00:08:29]} {[%emt
00:00:46]} 41. b7 {[%clk 00:53:39]} {[%emt 00:00:05]} hxg3 {[%clk 00:08:53]}
{[%emt 00:00:06]} 42. b8=Q {[%clk 00:54:02]} {[%emt 00:00:07]} gxh2+ {[%clk
00:09:12]} {[%emt 00:00:10]} 43. Qxh2+ {[%clk 00:54:27]} {[%emt 00:00:05]} Kg7
{[%clk 00:09:30]} {[%emt 00:00:11]} 44. Rc6 {[%clk 00:54:38]} {[%emt 00:00:19]}
g4 {[%clk 00:09:44]} {[%emt 00:00:16]} 45. Qh7+ {[%clk 00:55:04]} {[%emt
00:00:04]} Kf8 {[%clk 00:10:04]} {[%emt 00:00:10]} 46. Rc8# {[%clk 00:55:00]}
{[%emt 00:00:03]} 1-0

[Event "ODJM B 2025"]
[Site "Willingen GER"]
[Date "2025.06.14"]
[Round "9"]
[White "Grunert, Greta"]
[Black "Weidenhöfer, Ben"]
[Result "1-0"]
[Termination "normal"]
[Board "64"]
[WhiteElo "1558"]
[BlackElo "1620"]
[WhiteClock "00:16:05"]
[BlackClock "00:43:03"]
[PlyCount "83"]
[WhiteFideId "16258649"]
[BlackFideId "16273702"]
[EventCountry "GER"]
[EventRounds "9"]
[EventType "swiss"]
[EventDate "2025.06.07"]

1. e4 {[%clk 01:30:58]} {[%emt 00:00:02]} d5 {[%clk 01:30:54]} {[%emt
00:00:07]} 2. exd5 {[%clk 01:31:19]} {[%emt 00:00:08]} Qxd5 {[%clk 01:31:18]}
{[%emt 00:00:06]} 3. Nc3 {[%clk 01:31:39]} {[%emt 00:00:09]} Qa5 {[%clk
01:31:42]} {[%emt 00:00:07]} 4. d4 {[%clk 01:31:43]} {[%emt 00:00:26]} c6
{[%clk 01:31:55]} {[%emt 00:00:17]} 5. Bc4 {[%clk 01:31:23]} {[%emt 00:00:50]}
e6 {[%clk 01:28:52]} {[%emt 00:03:33]} 6. a3 {[%clk 01:29:06]} {[%emt
00:02:46]} Nf6 {[%clk 01:28:24]} {[%emt 00:00:59]} 7. Nf3 {[%clk 01:26:19]}
{[%emt 00:03:17]} Bd6 {[%clk 01:27:51]} {[%emt 00:01:03]} 8. O-O {[%clk
01:25:50]} {[%emt 00:00:58]} O-O {[%clk 01:28:06]} {[%emt 00:00:16]} 9. Bg5
{[%clk 01:23:25]} {[%emt 00:02:54]} Nbd7 {[%clk 01:27:25]} {[%emt 00:01:12]}
10. Re1 {[%clk 01:22:09]} {[%emt 00:01:45]} b5 {[%clk 01:19:30]} {[%emt
00:08:26]} 11. b4 {[%clk 01:20:24]} {[%emt 00:02:15]} Bxb4 {[%clk 01:13:59]}
{[%emt 00:06:01]} 12. axb4 {[%clk 01:18:07]} {[%emt 00:02:46]} Qxb4 {[%clk
01:14:19]} {[%emt 00:00:10]} 13. Bb3 {[%clk 01:08:43]} {[%emt 00:09:54]} a5
{[%clk 01:06:58]} {[%emt 00:07:52]} 14. Qd2 {[%clk 01:00:49]} {[%emt 00:08:22]}
Bb7 {[%clk 01:03:09]} {[%emt 00:04:20]} 15. Ne2 {[%clk 00:53:01]} {[%emt
00:08:18]} Qxd2 {[%clk 01:00:52]} {[%emt 00:02:48]} 16. Nxd2 {[%clk 00:53:08]}
{[%emt 00:00:22]} a4 {[%clk 01:00:16]} {[%emt 00:01:07]} 17. Ba2 {[%clk
00:53:11]} {[%emt 00:00:26]} Rfd8 {[%clk 01:00:09]} {[%emt 00:00:38]} 18. c3
{[%clk 00:45:29]} {[%emt 00:08:12]} c5 {[%clk 00:57:39]} {[%emt 00:03:00]} 19.
Nf1 {[%clk 00:37:48]} {[%emt 00:08:10]} cxd4 {[%clk 00:56:47]} {[%emt
00:01:22]} 20. Nxd4 {[%clk 00:37:23]} {[%emt 00:00:54]} Rdc8 {[%clk 00:55:47]}
{[%emt 00:01:30]} 21. Nxb5 {[%clk 00:35:38]} {[%emt 00:02:15]} Ba6 {[%clk
00:54:36]} {[%emt 00:01:41]} 22. c4 {[%clk 00:33:19]} {[%emt 00:02:48]} Nb6
{[%clk 00:52:49]} {[%emt 00:02:18]} 23. Bxf6 {[%clk 00:32:47]} {[%emt
00:01:02]} gxf6 {[%clk 00:53:13]} {[%emt 00:00:06]} 24. Ne3 {[%clk 00:31:14]}
{[%emt 00:02:03]} Bxb5 {[%clk 00:48:12]} {[%emt 00:05:31]} 25. cxb5 {[%clk
00:31:22]} {[%emt 00:00:22]} Rc5 {[%clk 00:48:23]} {[%emt 00:00:18]} 26. Reb1
{[%clk 00:29:22]} {[%emt 00:02:30]} Ra5 {[%clk 00:48:35]} {[%emt 00:00:19]} 27.
h3 {[%clk 00:27:08]} {[%emt 00:02:43]} Rcxb5 {[%clk 00:47:30]} {[%emt
00:01:36]} 28. Rxb5 {[%clk 00:27:07]} {[%emt 00:00:31]} Rxb5 {[%clk 00:47:53]}
{[%emt 00:00:06]} 29. Rb1 {[%clk 00:24:17]} {[%emt 00:03:20]} Rxb1+ {[%clk
00:47:10]} {[%emt 00:01:14]} 30. Bxb1 {[%clk 00:24:45]} {[%emt 00:00:02]} Kf8
{[%clk 00:46:11]} {[%emt 00:01:29]} 31. Ba2 {[%clk 00:23:04]} {[%emt 00:02:10]}
Ke7 {[%clk 00:46:19]} {[%emt 00:00:22]} 32. Nc4 {[%clk 00:22:38]} {[%emt
00:00:57]} Nxc4 {[%clk 00:44:44]} {[%emt 00:02:05]} 33. Bxc4 {[%clk 00:23:05]}
{[%emt 00:00:02]} Kd6 {[%clk 00:45:09]} {[%emt 00:00:06]} 34. Kf1 {[%clk
00:23:19]} {[%emt 00:00:15]} Kc5 {[%clk 00:45:32]} {[%emt 00:00:07]} 35. Ba2
{[%clk 00:23:43]} {[%emt 00:00:07]} Kb4 {[%clk 00:44:41]} {[%emt 00:01:21]} 36.
Ke2 {[%clk 00:23:49]} {[%emt 00:00:23]} Kc3 {[%clk 00:44:42]} {[%emt 00:00:29]}
37. f4 {[%clk 00:16:17]} {[%emt 00:08:01]} a3 {[%clk 00:44:13]} {[%emt
00:01:00]} 38. f5 {[%clk 00:15:11]} {[%emt 00:01:36]} e5 {[%clk 00:41:50]}
{[%emt 00:02:53]} 39. Bxf7 {[%clk 00:15:18]} {[%emt 00:00:23]} Kb2 {[%clk
00:42:14]} {[%emt 00:00:07]} 40. g4 {[%clk 00:15:20]} {[%emt 00:00:28]} a2
{[%clk 00:42:37]} {[%emt 00:00:07]} 41. Bxa2 {[%clk 00:15:45]} {[%emt
00:00:04]} Kxa2 {[%clk 00:43:03]} {[%emt 00:00:05]} 42. g5 {[%clk 00:16:05]}
{[%emt 00:00:09]} 1-0

[Event "ODJM B 2025"]
[Site "Willingen GER"]
[Date "2025.06.14"]
[Round "9"]
[White "Prigandt, Junis"]
[Black "Berger, Johanna"]
[Result "1-0"]
[Termination "normal"]
[Board "65"]
[WhiteElo "1539"]
[BlackElo "1591"]
[WhiteClock "00:29:12"]
[BlackClock "00:09:08"]
[PlyCount "63"]
[WhiteFideId "34631712"]
[BlackFideId "16207025"]
[EventCountry "GER"]
[EventRounds "9"]
[EventType "swiss"]
[EventDate "2025.06.07"]

1. c4 {[%clk 01:30:58]} {[%emt 00:00:02]} b6 {[%clk 01:30:58]} {[%emt
00:00:03]} 2. Nc3 {[%clk 01:30:48]} {[%emt 00:00:39]} Bb7 {[%clk 01:31:21]}
{[%emt 00:00:07]} 3. d4 {[%clk 01:30:59]} {[%emt 00:00:19]} e6 {[%clk
01:31:44]} {[%emt 00:00:07]} 4. Nf3 {[%clk 01:30:49]} {[%emt 00:00:40]} f5
{[%clk 01:31:32]} {[%emt 00:00:42]} 5. g3 {[%clk 01:30:49]} {[%emt 00:00:30]}
Bxf3 {[%clk 01:31:27]} {[%emt 00:00:36]} 6. exf3 {[%clk 01:31:17]} {[%emt
00:00:03]} Bb4 {[%clk 01:31:45]} {[%emt 00:00:13]} 7. Bg2 {[%clk 01:30:16]}
{[%emt 00:01:30]} Bxc3+ {[%clk 01:32:10]} {[%emt 00:00:05]} 8. bxc3 {[%clk
01:30:44]} {[%emt 00:00:02]} Nf6 {[%clk 01:30:53]} {[%emt 00:01:47]} 9. O-O
{[%clk 01:29:41]} {[%emt 00:01:33]} O-O {[%clk 01:23:24]} {[%emt 00:07:57]} 10.
Re1 {[%clk 01:28:46]} {[%emt 00:01:27]} a5 {[%clk 01:08:32]} {[%emt 00:15:22]}
11. Re2 {[%clk 01:20:16]} {[%emt 00:08:59]} Na6 {[%clk 01:05:22]} {[%emt
00:03:41]} 12. Ba3 {[%clk 01:19:34]} {[%emt 00:01:11]} c5 {[%clk 01:04:38]}
{[%emt 00:01:14]} 13. Re5 {[%clk 01:16:10]} {[%emt 00:03:55]} Rc8 {[%clk
00:58:44]} {[%emt 00:06:23]} 14. Qb3 {[%clk 01:14:32]} {[%emt 00:02:08]} Re8
{[%clk 00:57:07]} {[%emt 00:02:06]} 15. Rae1 {[%clk 01:10:22]} {[%emt
00:04:40]} cxd4 {[%clk 00:39:43]} {[%emt 00:17:54]} 16. cxd4 {[%clk 01:09:16]}
{[%emt 00:01:36]} Qc7 {[%clk 00:27:03]} {[%emt 00:13:10]} 17. Bf1 {[%clk
01:07:11]} {[%emt 00:02:35]} Nb8 {[%clk 00:21:10]} {[%emt 00:06:23]} 18. d5
{[%clk 00:57:16]} {[%emt 00:10:25]} exd5 {[%clk 00:17:52]} {[%emt 00:03:48]}
19. Rxe8+ {[%clk 00:55:26]} {[%emt 00:02:20]} Nxe8 {[%clk 00:16:07]} {[%emt
00:02:15]} 20. cxd5 {[%clk 00:54:39]} {[%emt 00:01:16]} d6 {[%clk 00:14:09]}
{[%emt 00:02:29]} 21. Bh3 {[%clk 00:48:50]} {[%emt 00:06:18]} g6 {[%clk
00:12:52]} {[%emt 00:01:48]} 22. Qe3 {[%clk 00:47:37]} {[%emt 00:01:43]} Nf6
{[%clk 00:10:10]} {[%emt 00:03:12]} 23. Qe6+ {[%clk 00:46:57]} {[%emt
00:01:09]} Kg7 {[%clk 00:09:24]} {[%emt 00:01:15]} 24. Bxd6 {[%clk 00:45:21]}
{[%emt 00:02:06]} Qf7 {[%clk 00:08:57]} {[%emt 00:00:57]} 25. Qxf7+ {[%clk
00:44:06]} {[%emt 00:01:45]} Kxf7 {[%clk 00:07:45]} {[%emt 00:01:43]} 26. Re7+
{[%clk 00:44:01]} {[%emt 00:00:35]} Kg8 {[%clk 00:08:08]} {[%emt 00:00:07]} 27.
Rb7 {[%clk 00:34:02]} {[%emt 00:10:29]} Rc1+ {[%clk 00:08:26]} {[%emt
00:00:12]} 28. Kg2 {[%clk 00:32:55]} {[%emt 00:01:37]} Na6 {[%clk 00:08:26]}
{[%emt 00:00:30]} 29. Rxb6 {[%clk 00:30:17]} {[%emt 00:03:08]} Nb4 {[%clk
00:08:21]} {[%emt 00:00:35]} 30. Bxb4 {[%clk 00:29:54]} {[%emt 00:00:53]} axb4
{[%clk 00:08:46]} {[%emt 00:00:06]} 31. Rxf6 {[%clk 00:29:18]} {[%emt
00:01:06]} Ra1 {[%clk 00:09:08]} {[%emt 00:00:07]} 32. Rb6 {[%clk 00:29:12]}
{[%emt 00:00:36]} 1-0